000
00261nam a22001217a 4500
008
170502b xxu||||| |||| 00| 0 eng d
041
_a
eng
080
_2
3RD
_a
34
100
_a
14
101
_a
SHJ
245
_a
ELECTION LAW
_c
LOWENSTEIN, D.H
942
_2
udc
_c
BK
999
_c
12454
_d
12454